[Event "Olympiad Women-45"]
[Site "Budapest"]
[Date "2024.09.14"]
[Round "4.36"]
[White "Bederdin, Lilja"]
[Black "Gonzalez Peguero, Mary Loly"]
[Result "1-0"]
[WhiteElo "2065"]
[BlackElo "1889"]
[PlyCount "121"]
[EventDate "2024.09.11"]
[EventType "team-swiss"]
[EventRounds "11"]
[EventCountry "HUN"]
[SourceTitle "CB38_2024"]
[SourceDate "2024.09.18"]
[SourceVersion "1"]
[SourceVersionDate "2024.09.18"]
[SourceQuality "1"]
[WhiteTeam "Finland (W)"]
[BlackTeam "Dominican Republic (W)"]
[WhiteTeamCountry "FIN"]
[BlackTeamCountry "DOM"]

1. e4 c5 2. Nc3 g6 3. d4 cxd4 4. Qxd4 Nf6 5. Nf3 Nc6 6. Qa4 e5 7. Bb5 Qc7 8. Bg5 Bg7 9. 0-0-0 0-0 10. Rd3 Nd4 11. Bxf6 Bxf6 12. Nd5 Qd8 13. Nxd4 exd4 14. Nxf6+ Qxf6 15. Rd2 Qg5 16. g3 d5 17. f4 Qe7 18. Rxd4 dxe4 19. Rxe4 Qc5 20. Qb4 Qd5 21. Bc4 Qc6 22. Rhe1 Bf5 23. R4e2 Rac8 24. Bb3 b6 25. Qa4 Qc7 26. Re8 Qc5 27. Rxf8+ Rxf8 28. Qc4 Qf2 29. Qe2 Qc5 30. g4 Bc8 31. h3 Qb4 32. Qe4 Qc5 33. Qe3 Qc6 34. a3 Ba6 35. f5 Bb5 36. Qe4 Qf6 37. fxg6 hxg6 38. Qb4 Qf2 39. Qd2 Qh4 40. Re3 Bf1 41. Kb1 Rd8 42. Qc3 Bg2 43. Ka2 Qg5 44. Re2 Bd5 45. Bxd5 Qxd5+ 46. Qb3 Qg5 47. Re3 b5 48. Rf3 Rd7 49. Rc3 a5 50. Rc8+ Kg7 51. Qc3+ f6 52. Qxa5 Qd5+ 53. b3 Qe5 54. Qc3 Qf4 55. Qc5 Rf7 56. Qxb5 Qf2 57. Qc5 Qh2 58. Qc3 Qd6 59. g5 Qd7 60. gxf6+ Kh7 61. Qc4 1-0

[Event "Olympiad Women-45"]
[Site "Budapest"]
[Date "2024.09.12"]
[Round "2.11"]
[White "Bederdin, Lilja"]
[Black "Nurmanova, Alua"]
[Result "1-0"]
[WhiteElo "2065"]
[BlackElo "2324"]
[PlyCount "99"]
[EventDate "2024.09.11"]
[EventType "team-swiss"]
[EventRounds "11"]
[EventCountry "HUN"]
[SourceTitle "CB38_2024"]
[SourceDate "2024.09.18"]
[SourceVersion "1"]
[SourceVersionDate "2024.09.18"]
[SourceQuality "1"]
[WhiteTeam "Finland (W)"]
[BlackTeam "Kazakhstan (W)"]
[WhiteTeamCountry "FIN"]
[BlackTeamCountry "KAZ"]

1. d4 Nf6 2. c4 g6 3. Nc3 Bg7 4. e4 d6 5. h3 Nbd7 6. Be3 e5 7. d5 Nc5 8. Qc2 a5 9. Nf3 0-0 10. Be2 Qe7 11. Nd2 c6 12. 0-0 Nfd7 13. Nb3 Nxb3 14. Qxb3 c5 15. Nb5 h6 16. f3 Nf6 17. g4 Nh7 18. Qd3 f5 19. Kg2 Rf7 20. Rh1 Bd7 21. a4 Raf8 22. Raf1 h5 23. Bd2 b6 24. b3 Bc8 25. Nc3 Bf6 26. gxf5 gxf5 27. Rfg1 Kh8 28. Kf1 Bh4 29. Bd1 fxe4 30. Nxe4 Bf5 31. Bh6 Re8 32. Ke2 Nf6 33. Qe3 Nh7 34. Bc2 Qd7 35. Rh2 Nf6 36. Bg5 Bxe4 37. Bxf6+ Bxf6 38. Qh6+ Bh7 39. Bxh7 Rxh7 40. Qxf6+ Rg7 41. Rhg2 Ree7 42. Qh6+ Kg8 43. Qxh5 Qc7 44. Qh6 Qd7 45. Ke3 Ref7 46. Rxg7+ Rxg7 47. Rxg7+ Qxg7 48. Qxg7+ Kxg7 49. Ke4 Kf6 50. f4 1-0